Statistics for States of the USA by Flag Map

Click here to take the quiz!

General Stats

  • This quiz has been taken 148 times
  • The average score is 37 of 50

Answer Stats

Answer% Correct
Idaho
96%
Texas
96%
Montana
94%
California
91%
Illinois
90%
Oregon
89%
Vermont
89%
Wisconsin
89%
Hawaii
88%
North Dakota
88%
Alaska
87%
Maine
85%
Colorado
84%
Iowa
83%
Kansas
83%
Michigan
83%
Oklahoma
83%
Tennessee
83%
Minnesota
81%
Washington
80%
Nevada
79%
Arkansas
78%
Florida
73%
Arizona
72%
New Mexico
72%
South Dakota
72%
West Virginia
72%
Indiana
70%
Alabama
69%
New York
69%
Ohio
67%
Maryland
66%
Massachusetts
64%
New Hampshire
64%
New Jersey
64%
South Carolina
64%
Kentucky
63%
North Carolina
63%
Wyoming
63%
Utah
62%
Missouri
61%
Nebraska
60%
Delaware
59%
Louisiana
59%
Mississippi
59%
Georgia
58%
Rhode Island
51%
Virginia
51%
Connecticut
50%
Pennsylvania
46%

Score Distribution

Percentile by Number Answered

Percent of People with Each Score

Your Score History

You have not taken this quiz